|
|
|
|
| LEADER |
00995nam a22002772a 4500 |
| 001 |
001176400 |
| 003 |
CZ BrMZK |
| 005 |
20120502132912.0 |
| 007 |
ta |
| 008 |
111024s1978 xr a er|||||||||||cze d |
| 015 |
|
|
|a cnb000265037
|
| 035 |
|
|
|a (OCoLC)42174687
|
| 040 |
|
|
|a BOA001
|b cze
|
| 100 |
1 |
|
|a Bernard, Václav
|7 jk01011880
|4 aut
|
| 245 |
1 |
0 |
|a Sólo pro virtuosa /
|c Václav Bernard, Jan Voldán ; ilustroval Jiří Brynda
|
| 260 |
|
|
|a Praha :
|b Magnet,
|c 1978
|
| 300 |
|
|
|a 140 s.
|
| 490 |
1 |
|
|a Magnet ;
|v 6/78
|
| 700 |
1 |
|
|a Voldán, Jan
|7 xx0066439
|4 aut
|
| 830 |
|
0 |
|a Magnet (Magnet)
|0 s
|
| 856 |
4 |
1 |
|u http://www.digitalniknihovna.cz/mzk/uuid/uuid:a80e5180-f39a-11e2-9923-005056827e52
|y Digitalizovaný dokument
|x NDK
|
| 910 |
|
|
|a BOA001
|b 2-0789.932
|
| 990 |
|
|
|a BK
|
| 991 |
|
|
|b 201110
|
| 996 |
6 |
|
|b 2619473665
|c 2-0789.932
|l MZK
|r Sklad / do 1 hodiny
|n 0
|w 001209786
|u 000020
|a 1
|e BOA001
|j MZK50
|s P
|
| 996 |
7 |
|
|b 2619473666
|c 2-0789.932
|l MZK
|r Sklad / do 1 hodiny
|n 0
|w 001209786
|u 000010
|a 1
|e BOA001
|j MZK50
|s A
|